000 00701nam a2200253Ia 4500
003 OSt
005 20220925230619.0
006 a|||||r|||| 00| 0
007 ta
008 220923b |||||||| |||| 00| 0 eng d
037 _cGeneral Book
040 _aRTL
_cRTL
_beng
041 _2eng
_aeng
082 _aY:(G:55), K5
100 _aDubos Rene
_9133538
245 0 _aMan adapting
260 _aLondon
_bYale University Press
_c1965
300 _axxii,527p
_ccm.
490 _aYale University Silliman Foundation Lectures
500 _aBibiliography P 457-508
650 _aSociomery
_9230825
942 _hY:(G:55), K5
_cGB
_2CC
999 _c586102
_d586102